00735nam a22001937a 4500010001500000020002600015035001400041037000900055082001100064100003000075245005400105250000600159260004300165270011400208300002000322942002500342999001900367952015500386 aENG-143557 a9788193181324c950.00 aEN-127089 bDBAD a306.08 aPathak, Dharmendra976998 aKnow Indian Tribals Issues/cby Dharmendra Pathak a1 aNew DelhibRitika Books Servicesc2016 a99,Janta Flat, GTB, Enclave Dilshad GardenbNew Delhie110095k+91(011)28520555mritikabookservices@gmail.com a224p.b22cm(hb) 2ddccENh306.08mPAT c208753d208753 001040708NFICaVPbVPd2025-01-24eDelivery of Books Act Divisiong950.00l0o306.08 PATpEN-127089r2025-01-24 00:00:00t1v950.00w2025-01-24yEN